00195nam a2200073Ia 4500082000800000245002900008100004300037008004100080 aMAR 0aOntmoeting op Polkabaai  a MARTIN, Wille Pretoria, 1993 210817s9999 xx 000 0 und d